LEADER 02730nam 2200637 a 450 001 9910465136803321 005 20200520144314.0 010 $a0-19-958568-7 010 $a0-19-157138-5 010 $a1-282-34648-2 010 $a9786612346484 035 $a(CKB)2560000000300876 035 $a(EBL)472252 035 $a(OCoLC)502012600 035 $a(SSID)ssj0000296101 035 $a(PQKBManifestationID)11244980 035 $a(PQKBTitleCode)TC0000296101 035 $a(PQKBWorkID)10321680 035 $a(PQKB)10520407 035 $a(StDuBDS)EDZ0000022907 035 $a(MiAaPQ)EBC472252 035 $a(Au-PeEL)EBL472252 035 $a(CaPaEBR)ebr10351326 035 $a(CaONFJC)MIL234648 035 $a(EXLCZ)992560000000300876 100 $a20090318d2009 uy 0 101 0 $aeng 135 $aur||||||||||| 181 $ctxt 182 $cc 183 $acr 200 10$aFaith and its critics$b[electronic resource] $ea conversation /$fDavid Fergusson 210 $aOxford ;$aNew York $cOxford University Press$d2009 215 $a1 online resource (204 p.) 300 $aComprises the Gifford lectures delivered in Apr. 2008 at the University of Glasgow. 311 $a0-19-956938-X 311 $a0-19-170205-6 320 $aIncludes bibliographical references and index. 327 $aAtheism in historical perspective -- The credibility of religious belief : claims and counter-claims -- Darwinism : how much does it explain? -- Morality, art, and religion : invention or discovery? -- Is religion bad for our health? : saints, martyrs, and terrorists -- Sacred texts : how should we read them? 330 $aHeralded as the exponents of a 'new atheism', critics of religion are highly visible in today's media, and include the household names of Richard Dawkins, Daniel Dennett and Sam Harris. David Fergusson explains their work in its historical perspective, drawing comparisons with earlier forms of atheism. Responding to the critics through conversations on the credibility of religious belief, Darwinism, morality, fundamentalism, and our approach to reading sacred texts, he establishes a compelling case for the practical and theoretical validity of faith in the contemporary world. An invitation to 606 $aChristianity and atheism 606 $aFaith 606 $aApologetics 608 $aElectronic books. 615 0$aChristianity and atheism. 615 0$aFaith. 615 0$aApologetics. 676 $a261.2/1 700 $aFergusson$b David$0538620 801 0$bMiAaPQ 801 1$bMiAaPQ 801 2$bMiAaPQ 906 $aBOOK 912 $a9910465136803321 996 $aFaith and its critics$92225722 997 $aUNINA LEADER 01151nam 2200373 450 001 9910136743503321 005 20230808200038.0 010 $a3-8288-6560-7 035 $a(CKB)3710000000908267 035 $a(MiAaPQ)EBC4718850 035 $a(EXLCZ)993710000000908267 100 $a20161025h20162016 uy 0 101 0 $ager 135 $aurcnu|||||||| 181 $2rdacontent 182 $2rdamedia 183 $2rdacarrier 200 10$aKultur ohne grenzen $eentstehung und entwicklung von barrierefreiheit am beispiel des Mu?nchner Kulturzentrums Gasteig /$fPatricia Gloria Strauss 210 1$aMarburg, [Germany] :$cTectum Verlag,$d2016. 210 4$dİ2016 215 $a1 online resource (237 pages) $cillustrations 311 $a3-8288-3818-9 320 $aIncludes bibliographical references and index. 606 $aArts facilities$zGermany 615 0$aArts facilities 676 $a725.8042 700 $aStrauss$b Patricia Gloria$01377992 801 0$bMiAaPQ 801 1$bMiAaPQ 801 2$bMiAaPQ 906 $aBOOK 912 $a9910136743503321 996 $aKultur ohne grenzen$93415817 997 $aUNINA